GENETIC PARAMETERS FOR HEIGHT AND STEM STRAIGHTNESS IN PINUS TAEDA LINNAEUS IN ZIMBABWE

Podrobná bibliografia
Hlavní autori: Gwaze, D. P. (Autor), Woolliams, J. A. (Autor), Kanowski, P. J. (Autor)
Médium: Článok
Jazyk:angličtina

MARC

LEADER 00000nab a2200000uu 4500
001 vtls011540839
003 SK-MaSNL
005 20260303173451.0
008 230218|1997 xo |||||||||||||||||eng|
015 |a SNBRB 
035 |a (urnnbn)urn:nbn:sk:snk:ar-a09rwb 
035 |a (uuid)e071ecdb-2af0-4615-9825-d6e2079d31a8 
035 |a urn:nbn:sk:snk-abeyze 
040 |a SNKBUCL  |b slo  |c SNKBUCL  |e AACR2 
041 0 |a eng 
044 |a xo  |c SK 
100 1 |a Gwaze, D. P.  |4 aut  |9 1199710 
245 1 0 |a GENETIC PARAMETERS FOR HEIGHT AND STEM STRAIGHTNESS IN PINUS TAEDA LINNAEUS IN ZIMBABWE  |c D. P. Gwaze, J. A. Woolliams, P. J. Kanowski 
700 1 |a Woolliams, J. A.  |4 aut  |9 1199711 
700 1 |a Kanowski, P. J.  |4 aut  |9 1199712 
773 0 |t Forest Genetics : international journal of forest genetics  |g Roč. 4, č. 3 (1997), s. 159-169 
958 |a OND 
958 |a EUIPO 
958 |a article22 
999 |c 2092598  |d 2094528